HR trendy závisí na porozumění době a situaci
Krátka charakteristika manažmentu v uplynulých 25 rokoch. Vedenie ľudí metódou tzv. sendviča. Čo bude riadenie ľudských zdrojov (HR) riešiť v budúcnosti. Dôraz na silné stránky zamestnancov a ich angažovanosť.
Gespeichert in:
| 1. Verfasser: | |
|---|---|
| Format: | Buchkapitel |
| Sprache: | Tschechisch |
| Schlagworte: | |
| Tags: |
Keine Tags, Fügen Sie das erste Tag hinzu!
|
MARC
| LEADER | 00000naa a2200000 4500 | ||
|---|---|---|---|
| 001 | 0197515 | ||
| 005 | 20231211122254.9 | ||
| 041 | 0 | |a cze | |
| 044 | |a CZ | ||
| 245 | 1 | 0 | |a HR trendy závisí na porozumění době a situaci |c František Hroník |
| 520 | |a Krátka charakteristika manažmentu v uplynulých 25 rokoch. Vedenie ľudí metódou tzv. sendviča. Čo bude riadenie ľudských zdrojov (HR) riešiť v budúcnosti. Dôraz na silné stránky zamestnancov a ich angažovanosť. | ||
| 610 | 2 | 0 | |a zamestnanci |
| 610 | 2 | 0 | |a vedenie ľudí |
| 610 | 2 | 0 | |a kapitál ľudský |
| 610 | 2 | 0 | |a zdroje ľudské |
| 610 | 2 | 0 | |a riadenie ľudských zdrojov |
| 100 | 1 | |a Hroník, František | |